Анатомо-функциональные особенности и клиническая биомеханика орбиты (Запись № 11673063)
[ простой вид ]
| 000 -МАРКЕР | |
|---|---|
| контрольное поле | 02394nam0a2200373 4500 |
| 001 - ИДЕНТИФИКАТОР ЗАПИСИ | |
| контрольное поле | RU\NLR\BIBL_A\011435457 |
| 005 - ИДЕНТИФИКАТОР ВЕРСИИ | |
| контрольное поле | 20240921131035.0 |
| 010 ## - МЕЖДУНАРОДНЫЙ СТАНДАРТНЫЙ НОМЕР КНИГИ (ISBN) | |
| Номер (ISBN) | 9785990929111 |
| 021 ## - НОМЕР ГОСУДАРСТВЕННОЙ РЕГИСТРАЦИИ | |
| Код страны | Российская Федерация |
| Номер | 2017-44919 |
| Номер Листа государственной регистраци | 3247 |
| 035 ## - ДРУГИЕ СИСТЕМНЫЕ НОМЕРА | |
| Идентификатор записи | (RuMoRGB)008914778 |
| 035 ## - ДРУГИЕ СИСТЕМНЫЕ НОМЕРА | |
| Идентификатор записи | (NLR Aleph) 011435457 |
| 100 ## - ДАННЫЕ ОБЩЕЙ ОБРАБОТКИ | |
| Данные общей обработки | 20170707d2017 u y0rusy50 ca |
| 101 0# - ЯЗЫК РЕСУРСА | |
| Язык текста, звукозаписи и т.д. | русский |
| 102 ## - СТРАНА ПУБЛИКАЦИИ ИЛИ ПРОИЗВОДСТВА | |
| Страна публикации | Российская Федерация |
| 105 ## - ПОЛЕ КОДИРОВАННЫХ ДАННЫХ: ТЕКСТОВЫЕ МАТЕРИАЛЫ, МОНОГРАФИЧЕСКИЕ | |
| Кодированные данные о монографическом текстовом документе | a|||j 000zy |
| 200 1# - ЗАГЛАВИЕ И СВЕДЕНИЯ ОБ ОТВЕТСТВЕННОСТИ | |
| Основное заглавие | Анатомо-функциональные особенности и клиническая биомеханика орбиты |
| Сведения, относящиеся к заглавию | учебное пособие |
| Первые сведения об ответственности | Е. В. Вернигора, Е. В. Абрамова, И. А. Аптекарь |
| Последующие сведения об ответственности | Негосударственное образовательное учреждение дополнительного профессионального образования "Тюменский институт остеопатической медицины", Краниальный раздел |
| 210 ## - ПУБЛИКАЦИЯ, РАСПРОСТРАНЕНИЕ И ДР. | |
| Место издания, распространения и т.д. | Тюмень |
| Имя издателя, распространителя и т. д. | [б. и.] |
| Дата издания, распространения и т.д. | 2017 |
| 215 ## - ФИЗИЧЕСКАЯ ХАРАКТЕРИСТИКА | |
| Специфическое обозначение материала и объем | 63 с. |
| Другие сведения о физической характеристике | ил., цв. ил., табл. |
| Размеры | 29 |
| 300 ## - ОБЩИЕ ПРИМЕЧАНИЯ | |
| Текст примечания | На обл. подзаг.: Учебно-методическое пособие |
| 300 ## - ОБЩИЕ ПРИМЕЧАНИЯ | |
| Текст примечания | На обороте тит. л. авт.: Вернигора Е.В., врач-остеопат, мануал. терапевт, невролог; Абрамова Е.В., врач-остеопат, мануал. терапевт, педиатр, к.м.н., доц.; Аптекарь И.А., врач-остеопат, мануал. терапевт, невролог, к.м.н. |
| 320 ## - ПРИМЕЧАНИЯ О НАЛИЧИИ В ДОКУМЕНТЕ БИБЛИОГРАФИИ / УКАЗАТЕЛЯ | |
| Текст примечания | Библиогр.: с. 59 (11 назв.) |
| 606 1# - НАИМЕНОВАНИЕ ТЕМЫ КАК ПРЕДМЕТ | |
| Наименование темы | Глазница |
| Формальный подзаголовок | Учебные издания |
| Тематический подзаголовок | Анатомия |
| Системный номер авторитетной/нормативной записи | 1403028 |
| Идентификатор авторитетной/нормативной записи | RU\NLR\AUTH\66590585 |
| 606 1# - НАИМЕНОВАНИЕ ТЕМЫ КАК ПРЕДМЕТ | |
| Наименование темы | Глазница |
| Формальный подзаголовок | Учебные издания |
| Тематический подзаголовок | Болезни |
| -- | Остеопатическая терапия |
| Системный номер авторитетной/нормативной записи | 2333055 |
| Идентификатор авторитетной/нормативной записи | RU\NLR\AUTH\6601619092 |
| 686 ## - ИНДЕКСЫ ДРУГИХ КЛАССИФИКАЦИЙ | |
| Индекс | Р354.15,07 |
| Код системы | |
| 686 1# - ИНДЕКСЫ ДРУГИХ КЛАССИФИКАЦИЙ | |
| Индекс | Е864.421я7 |
| 686 1# - ИНДЕКСЫ ДРУГИХ КЛАССИФИКАЦИЙ | |
| Индекс | Р671-541.5я7 |
| 700 #1 - ИМЯ ЛИЦА - ПЕРВИЧНАЯ ОТВЕТСТВЕННОСТЬ | |
| Начальный элемент ввода | Вернигора |
| Часть имени, кроме начального элемента ввода | Е. В. |
| Расширение инициалов личного имени | Екатерина Витальевна |
| 701 #1 - ИМЯ ЛИЦА - АЛЬТЕРНАТИВНАЯ ОТВЕТСТВЕННОСТЬ | |
| Графика поля | Кириллица |
| Материалы, к которым относится поле | rus |
| Начальный элемент ввода | Абрамова |
| Часть имени, кроме начального элемента ввода | Е. В. |
| Дополнения к именам, кроме дат | канд. мед. наук |
| Расширение инициалов личного имени | Елена Витальевна |
| Системный номер авторитетной/нормативной записи | 27404 |
| Идентификатор авторитетной/нормативной записи | RU\NLR\AUTH\7744463 |
| 701 #1 - ИМЯ ЛИЦА - АЛЬТЕРНАТИВНАЯ ОТВЕТСТВЕННОСТЬ | |
| Начальный элемент ввода | Аптекарь |
| Часть имени, кроме начального элемента ввода | И. А. |
| Расширение инициалов личного имени | Игорь Александрович |
| 942 ## - ДОПОЛНИТЕЛЬНЫЕ ЭЛЕМЕНТЫ ЗАПИСИ (АБИС) | |
| Тип экземпляра АБИС | Книга |
| 980 ## - КОЛЛЕКЦИЯ | |
| Название коллекции | НБР |
Нет доступных экземпляров.